Normal view
MARC view
Entry Personal Name
001 - CONTROL NUMBER
- control field: 10309
003 - CONTROL NUMBER IDENTIFIER
- control field: BD-RjUL
005 - DATE AND TIME OF LATEST TRANSACTION
- control field: 20231203153724.0
008 - FIXED-LENGTH DATA ELEMENTS
- fixed length control field: 231203|| aca||aabn | a|a d
040 ## - CATALOGING SOURCE
- Original cataloging agency: BD-RjUL
- Transcribing agency: BD-RjUL
100 ## - HEADING--PERSONAL NAME
- Personal name: Sahajpal, Prem
670 ## - SOURCE DATA FOUND
- Source citation: Work cat.: (BD-RjUL)82393: Rao, S. Narayana 10307, Counselling and guidance Counselling and guidance, 2013 [reprint 2022]